Bashō /

Disimpan dalam:
Butiran Bibliografi
Pengarang Utama: Hagiwara, Ragetsu, 1884-1961.
Format: Buku
Bahasa:Japanese
Diterbitkan: Tōkyō : Seigodō, Shōwa 18 [1943]
Siri:Nihon bungakusha hyōden zensho.
Subjek-subjek:
Penanda-penanda: Tambah Penanda
Tiada Penanda, Jadilah orang pertama menanda rekod ini!
LEADER 01205nam a2200301 a 4500
001 007734403-0
005 20024617122053.0
008 961001s1943 ja 000 0 jpn d
035 0 |a ocm35891192 
040 |a NNC-EA  |c NNC-EA  |d *YNH*  |d CStRLIN 
050 4 |a PL794.4.Z5  |b H31 
100 1 |6 880-01  |a Hagiwara, Ragetsu,  |d 1884-1961. 
245 1 0 |6 880-02  |a Bashō /  |c Hagiwara Ragetsu. 
260 |6 880-03  |a Tōkyō :  |b Seigodō,  |c Shōwa 18 [1943] 
300 |a 4 316 p. ;  |c 19 cm. 
490 1 |6 880-04  |a Nihon bungakusha hyōden zensho 
500 |6 880-05  |a Honsho wa nō ni shuppan shita "Bashō no zenbō" o teisei tanshuku shita mono de aru hanrei. 
600 1 0 |6 880-06  |a Matsuo, Bashō,  |d 1644-1694. 
880 1 |6 100-01  |a 萩原蘿月,  |d 1884-1961. 
880 1 0 |6 245-02  |a 芭蕉 /  |c 萩原蘿月. 
880 |6 260-03  |a 東京 :  |b 靑梧堂,  |c 昭和 18 [1943] 
880 1 |6 490-04  |a 日本文學者評傳全書 
880 |6 500-05  |a 本書は曩に出版した「芭蕉の全貌」を訂正短縮したものである凡例. 
880 1 0 |6 600-06  |a 松尾芭蕉,  |d 1644-1694. 
830 0 |6 880-54  |a Nihon bungakusha hyōden zensho. 
880 0 |6 830-54  |a 日本文學者評傳全書. 
988 |a 20021220 
906 |0 OCLC